000 00488nam a2200193 a 4500
001 1770288092173
003 YourLibrary
005 20260205161445.0
008 260205s2006##################000#0#eng##
020 _a9780753820964
082 0 4 _a305.821
_bGIL
100 1 _aGill, A. A.,
_eauthor.
245 1 0 _aThe Angry Island :
260 _bWeidenfeld & Nicolson,
_c2006.
300 _a237 pages
650 0 _aEngland.
942 _cENGLISH
040 _aYourLibrary
_beng
_cYourLibrary
999 _c610575
_d610575